000 01065nam a2200265Ia 4500
003 OSt
005 20220923211200.0
006 a|||||r|||| 00| 0
007 ta
008 220922b |||||||| |||| 00| 0 hin d
020 _a8188457108 (hbk)
_c150
024 _a238,956
037 _b409, 23/03/2009, Swaraj Prakashan
_cTextual
040 _aARTS
_cARTS
_bhin
041 _2hin
_ahin
082 _aO158,3N67x, P7
100 _aमहंत, जयश्री गोस्वामी; दिनकर कुमार, अनु.
_9159242
245 0 _aनारी तुम अनन्या हो
246 _aNārī tum ananyā ho
260 _aनई दिल्ली
_b कल्याणी शिक्षा परिषद्
_c2007
300 _a128पृ.
_ccm.
650 _aअसमी कहानी
_9159243
942 _hO158,3N67x, P7
_cTEXL
_2CC
999 _c296447
_d296447